13-Letter Vocabulary (Hard) Quiz Stats

 Plays Quiz Updated Oct 13, 2017

Challenge
Share
Tweet
Embed
Score 0/25 Timer 08:00
1 Play Today
% Correct
hyperglycemia
93.9%
baccalaureate
93.8%
defibrillator
93.3%
excommunicate
92.7%
psychosomatic
92.3%
endocrinology
92.1%
scandalmonger
91.3%
lackadaisical
90.3%
mycobacterium
89.5%
commercialism
89.2%
surreptitious
88.6%
unadulterated
88.3%
transcendence
87.9%
% Correct
dodecaphonism
87.9%
ornithophobia
87.4%
epizootiology
85.7%
rutherfordium
85.6%
ovoviviparous
85.6%
animalization
85.1%
ophidiophobia
84.5%
extrapolation
81.6%
hairsplitting
78.6%
platitudinize
78.2%
prognosticate
78%
galvanization
69.9%

You're not logged in!

Compare scores with friends on all Sporcle quizzes.
OR
Log In

You Might Also Like...

Show Comments

Extras

Top Quizzes Today


Score Distribution

Your Account Isn't Verified!

In order to create a playlist on Sporcle, you need to verify the email address you used during registration. Go to your Sporcle Settings to finish the process.

Report this User

Report this user for behavior that violates our Community Guidelines.

Details: